Ekonómia ako filozofický problém

Filozofia a ekonómia - rozdiely a spoločné. Hranice kompetencie ekonomickej vedy. Ekonómia ako filozofický problém. Ekonomický život v trhovom hospodárstve. Reálne problémy z pohľadu filozofie. Ekonómia v kultúrno-civilizačných súvislostiach. Ekonomika a ekológia.

Gespeichert in:
Bibliographische Detailangaben
1. Verfasser: Smreková, Dagmar
Format: Buch
Sprache:Slowakisch
Schlagworte:
Tags: Tag hinzufügen
Keine Tags, Fügen Sie das erste Tag hinzu!

MARC

LEADER 00000nam a2200000 4500
001 r031898
005 20230925102016.1
041 0 |a slo 
044 |a SK 
245 1 0 |a Ekonómia ako filozofický problém  |c Dagmar Smreková 
520 |a Filozofia a ekonómia - rozdiely a spoločné. Hranice kompetencie ekonomickej vedy. Ekonómia ako filozofický problém. Ekonomický život v trhovom hospodárstve. Reálne problémy z pohľadu filozofie. Ekonómia v kultúrno-civilizačných súvislostiach. Ekonomika a ekológia. 
610 2 0 |a filozofia 
610 2 0 |a veda ekonomická 
610 2 0 |a ekonómia 
610 2 0 |a spoločnosť 
610 2 0 |a etika 
610 2 0 |a trh 
610 2 0 |a ekológia 
610 2 0 |a kultúra 
610 2 0 |a politika 
100 1 |a Smreková, Dagmar